LEADER 01034nam0-2200325---450- 001 990008645210403321 005 20080410122432.0 020 $aIT 035 $a000864521 035 $aFED01000864521 035 $a(Aleph)000864521FED01 035 $a000864521 100 $a20080410d1971----km-y0itay50------ba 101 0 $aita 102 $aIT 105 $ay-------001yy 200 1 $a<>ufficiale esattoriale delle imposte$emanuale per la preparazione agli esami di abilitazione e per l'esercizio delle funzioni di ufficiale esattoriale$fCalogero Vinci$gin collaborazione con Mario Gagliardi 205 $a12. ed completamente rifatta 210 $aNapoli$cE. Iovene$d1971 215 $aX, 158 p.$cill$d19 cm 676 $a336$v21$zita 700 1$aVinci,$bCalogero$0107166 702 1$aGagliardi,$bMario 801 0$aIT$bUNINA$gRICA$2UNIMARC 901 $aBK 912 $a990008645210403321 952 $aH 125/b$bs.i.$fDSS 959 $aDSS 996 $aUfficiale esattoriale delle imposte$9715996 997 $aUNINA LEADER 01062nam0-22003011i-450- 001 990001642110403321 005 20141215145645.0 035 $a000164211 035 $aFED01000164211 035 $a(Aleph)000164211FED01 035 $a000164211 100 $a20030910d1926----km-y0itay50------ba 101 0 $aita 200 1 $aContributo alla conoscenza degli scolytidi$estudio morfo-biologico del Chaetoptelius Vestitus (Muls. e Rey) Fuchs e dei suoi simbionti$fGiuseppe Russo 210 $aPortici$c[s. n.]$d1926 215 $ap. 103-260$d27 cm 300 $aEstr. dal: Bollettino del Laboratorio di Zoologia Generale e Agraria della R. Scuola Superiore di Agricoltura di Portici, 19, 1926. 610 0 $aColeoptera 610 0 $aScolitidi 676 $a595.76 700 1$aRusso,$bGiuseppe$f<1897-1978 ;$centomologo>$0433525 801 0$aIT$bUNINA$gRICA$2UNIMARC 901 $aBK 912 $a990001642110403321 952 $a60 595.7 B 38$b11567$fFAGBC 959 $aFAGBC 996 $aContributo alla conoscenza degli scolytidi$9368051 997 $aUNINA